Puerto Rico Trivia - Statistics

General Stats
  • This quiz has been taken 93 times
  • The average score is 13 of 20
Answer Stats
Hint Answer % Correct
Capital of Puerto Rico San Juan
100%
Sea to the south Caribbean Sea
88%
U.S. states with the highest Puerto Rican populations New York
86%
Translation of "Puerto Rico" in English Rich Port
86%
U.S. states with the highest Puerto Rican populations Florida
85%
2017 Luis Fonsi song—most viewed YouTube video for 3 years Despacito
81%
Puerto Rico is at the eastern end of this island group Greater {Antilles}
81%
Singer of "Vente Pa' Ca" and "Livin' La Vida Loca" Ricky Martin
81%
What animal is a Coquí? Frog
75%
Deadliest hurricane that hit Puerto Rico in 2017 Maria
74%
Indigenous tribe that occupied the island before him Taíno
74%
Cocktail with rum, coconut and pineapple Piña Colada
73%
Largest city on the southern coast of Puerto Rico Ponce
66%
Tropical rainforest of Puerto Rico El {Yunque}
61%
First Spaniard to explore and colonize Puerto Rico Juan Ponce de León
43%
Name one of the two largest suburbs of the capital Bayamón | Carolina
40%
Largest fortresses San Felipe del {Morro}
40%
Largest city on the western coast Mayagüez
39%
Largest fortresses San {Cristóbal}
35%
Deepest point of the Puerto Rico Trench, as well as the entire Atlantic Ocean {Milwaukee} Deep
8%
No matching quizzes found
Score Distribution
Percent of People with Each Score
Percentile by Number Answered
Your Score History
You have not taken this quiz